000 01269nam a22003617a 4500
001 BR9503229
003 BR-BrBNA
005 20230928094534.0
007 ta
008 230509b bl.||||| |||| 00| 0 por d
040 _aBR-BrBNA
_bpor
_cBiblioteca Nacional de Agricultura
041 _a(Por)
072 _aH10
_b0120
_b4020
_b7300
090 _ 0120 BR9503229
100 1 _aMayrink, J.C.
110 1 _aEscola Superior de Agricultura de Lavras, MG (Brasil)
_0Tese (Mestre em Fitossanidade)
245 1 _aEficiencia de inseticidas aplicados em pulverizacao e via agua de irrigacao visando o controle da lagarta-do-cartucho do milho Spodoptera frugiperda Smith, 1797 (Lepidoptera, Noctuidae)e seus efeitos toxicos sobre o predador Doru luteipes Scudder, 1876 (Dermaptera, Forficulidae)
260 3 _aLavras, MG (Brasil):
_c1994.
300 _a104 p.
500 _a21 tables; 8 graphs; 104 ref.; Summaries (Eng, Por)
650 _aMilho
650 _aPraga de Planta
650 _aInseto para Controle Biologico
650 _aLagarta
650 _aPredador
650 _aInseticida
650 _aIrrigacao
650 _aControle Quimico
650 _aToxidez
650 _aEfeito Residual
909 _a202309
_bLucia
_c55
_dLucia Elande
942 _cBK
999 _c51221
_d51221